A brush with history (Record no. 846)

MARC details
000 -CABECERA
campo de control de longitud fija 01215nam a2200277 a 4500
001 - NÚMERO DE CONTROL
campo de control BRCA_958
005 - FECHA Y HORA DE LA ÚLTIMA TRANSACCIÓN
campo de control 20190320203225.0
008 - DATOS DE LONGITUD FIJA--INFORMACIÓN GENERAL
campo de control de longitud fija 000607s2001 dcua---##b---#001-0#eng-#
020 ## - NÚMERO INTERNACIONAL ESTÁNDAR DEL LIBRO
Número Internacional Estándar del Libro 1584650796
020 ## - NÚMERO INTERNACIONAL ESTÁNDAR DEL LIBRO
Número Internacional Estándar del Libro 158465080X
040 ## - FUENTE DE LA CATALOGACIÓN
Centro catalogador/agencia de origen DLC
Centro/agencia transcriptor DLC
Centro/agencia modificador DLC
050 #4 - SIGNATURA TOPOGRÁFICA DE LA BIBLIOTECA DEL CONGRESO
Número de clasificación ND1311
Número de documento/Ítem .B78 2001
245 10 - MENCIÓN DE TÍTULO
Título A brush with history
Resto del título paintings from the National Portrait Gallery
Mención de responsabilidad, etc. Carolyn Kinder Carr and Ellen G. Miles ; foreword by Marc Pachter ; with an essay by Margaret C.S. Christman.
260 ## - PUBLICACIÓN, DISTRIBUCIÓN, ETC.
Lugar de publicación, distribución, etc. Washington, D.C.
Nombre del editor, distribuidor, etc. National Portrait Gallery : Smithsonian Institution
Fecha de publicación, distribución, etc. 2001
300 ## - DESCRIPCIÓN FÍSICA
Extensión 216 p.
Otras características físicas il. a color
Dimensiones 31 cm.
500 ## - NOTA GENERAL
Nota general Catálogo de la exposición realizada en la National Portrait Gallery (Londres, Inglaterra), 4 octubre, 2002 - 5 enero, 2003
500 ## - NOTA GENERAL
Nota general Incluye índice de artistas
504 ## - NOTA DE BIBLIOGRAFÍA, ETC.
Nota de bibliografía, etc. Bibliografía : p. 212-215
610 24 - PUNTO DE ACCESO ADICIONAL DE MATERIA--NOMBRE DE ENTIDAD CORPORATIVA
Nombre de entidad corporativa o nombre de jurisdicción como elemento de entrada National Portrait Gallery (Smithsonian Institution)
Subdivisión de forma Catálogos
9 (RLIN) 3170
650 14 - PUNTO DE ACCESO ADICIONAL DE MATERIA--TÉRMINO DE MATERIA
Término de materia o nombre geográfico como elemento de entrada Pintura de retratos americanos
Subdivisión de forma Catálogos
9 (RLIN) 3171
650 14 - PUNTO DE ACCESO ADICIONAL DE MATERIA--TÉRMINO DE MATERIA
Término de materia o nombre geográfico como elemento de entrada Pintura de retratos
Subdivisión de forma Catálogos
Subdivisión geográfica Washington (D.C.)
9 (RLIN) 3172
700 1# - PUNTO DE ACCESO ADICIONAL--NOMBRE DE PERSONA
Nombre de persona Carr, Carolyn Kinder
9 (RLIN) 3173
700 1# - PUNTO DE ACCESO ADICIONAL--NOMBRE DE PERSONA
Nombre de persona Miles, Ellen Gross
Fechas asociadas al nombre 1941-
9 (RLIN) 3174
700 1# - PUNTO DE ACCESO ADICIONAL--NOMBRE DE PERSONA
Nombre de persona Christman, Margaret C. S
9 (RLIN) 3175
942 ## - ELEMENTOS DE PUNTO DE ACCESO ADICIONAL (KOHA)
Fuente del sistema de clasificación o colocación Library of Congress Classification
Tipo de ítem Koha Libros
Holdings
Estado de retiro Estado de pérdida Estado dañado No para préstamo Localización permanente Ubicación/localización actual Fecha de adquisición Total de préstamos Signatura topográfica completa Código de barras Fecha visto por última vez Precio válido a partir de Tipo de ítem Koha
El ejemplar forma parte de la colección y puede ser consultado según las políticas vigentes.       Biblioteca del Museo Franz Mayer (Rogerio Casas-Alatriste) Biblioteca del Museo Franz Mayer (Rogerio Casas-Alatriste) 26/06/2008   ND1311 .B78 2001 01448 22/03/2019 22/03/2019 Libros